[Event "Euskadi-ch Seniors 29th"]
[Site "Zarautz"]
[Date "2019.06.23"]
[Round "5"]
[White "Goti Cordon, Luis Pedro"]
[Black "Saenz Martinez, Juan Jose"]
[Result "1/2-1/2"]
[WhiteElo "1243"]
[BlackElo "2201"]
[PlyCount "84"]
[EventDate "2019.06.22"]
[EventType "swiss"]
[EventRounds "6"]
[EventCountry "ESP"]
[SourceTitle "CBM 192 Extra"]
[Source "Chessbase"]
[SourceDate "2019.11.06"]
[SourceVersion "1"]
[SourceVersionDate "2019.11.06"]
[SourceQuality "1"]

1. Nf3 Nf6 2. g3 d6 3. Bg2 e5 4. d3 c5 5. c4 Nc6 6. Nc3 Be7 7. 0-0 h6 8. e4 0-0 9. Be3 Ng4 10. Bd2 f5 11. h3 Nf6 12. exf5 Bxf5 13. Be3 Nb4 14. Ne1 Qd7 15. Kh2 d5 16. Nxd5 Nbxd5 17. cxd5 Nxd5 18. Be4 Nxe3 19. fxe3 Bxh3 20. Rxf8+ Rxf8 21. Nf3 Bd6 22. Qb3+ Be6 23. Qxb7 Qxb7 24. Bxb7 Rb8 25. Be4 Rxb2+ 26. Kg1 Bxa2 27. Rxa2 Rxa2 28. Bd5+ Kf8 29. Bxa2 e4 30. dxe4 Bxg3 31. Kg2 Bc7 32. Bc4 a5 33. e5 a4 34. e6 Ke7 35. Nd2 Ba5 36. Ne4 Bb4 37. Ng3 g6 38. e4 Bc3 39. Ne2 Be5 40. Nc1 g5 41. Nd3 Bd4 42. Ne1 Be5 1/2-1/2

[Event "Euskadi-ch Seniors 29th"]
[Site "Zarautz"]
[Date "2019.06.22"]
[Round "4"]
[White "Llorente Munoz, Carlos"]
[Black "Goti Cordon, Luis Pedro"]
[Result "0-1"]
[WhiteElo "1454"]
[BlackElo "1243"]
[PlyCount "86"]
[EventDate "2019.06.22"]
[EventType "swiss"]
[EventRounds "6"]
[EventCountry "ESP"]
[SourceTitle "CBM 192 Extra"]
[Source "Chessbase"]
[SourceDate "2019.11.06"]
[SourceVersion "1"]
[SourceVersionDate "2019.11.06"]
[SourceQuality "1"]

1. e4 e6 2. d4 b6 3. g3 Bb7 4. Bg2 Nf6 5. Nc3 Bb4 6. f3 Bxc3+ 7. bxc3 d5 8. e5 Nfd7 9. a4 a5 10. Ne2 0-0 11. Nf4 Ba6 12. Bf1 c5 13. Ba3 Bxf1 14. Kxf1 Re8 15. h4 Qc7 16. Qd2 cxd4 17. cxd4 Qc4+ 18. Kf2 Nc6 19. Bb2 Qb4 20. Qxb4 Nxb4 21. c3 Rec8 22. Rhc1 Nc6 23. Nd3 f6 24. f4 fxe5 25. fxe5 Ne7 26. Ba3 Nf5 27. Kf3 Nc5 28. Nxc5 bxc5 29. h5 c4 30. g4 Nh6 31. Rab1 Rab8 32. Bd6 Rb3 33. Rxb3 cxb3 34. Ba3 Rc4 35. Bb2 Rxa4 36. Ra1 Ra2 37. Rb1 a4 38. Ba1 Rxa1 39. Rxa1 b2 40. Rxa4 b1Q 41. Ra8+ Kf7 42. Ra7+ Ke8 43. Ra8+ Kd7 0-1